000 00873nam a2200241 i 4500
001 bg
100 1 _aBOLESŁAWSKI, Lech
245 1 0 _aPrognoza demograficzna na lata 2003-2030 =
_bDemographic projection of Poland 2003-2030 /
_cLech Bolesławski ; Główny Urząd Statystyczny.
260 _aWarszawa :
_bZakład Wydawnictw Statystycznych,
_c2004.
300 _a172 s. ;
_c30 cm +
_eCD ROM.
490 1 _aInformacje i Opracowania Statystyczne. Ludność. Procesy Demograficzne
651 9 _aPolska
_xludność
_xprognozy
655 _aTablice i wzory
710 0 _aGłówny Urząd Statystyczny
830 0 _aInformacje i Opracowania Statystyczne.
_pLudność. Procesy Demograficzne
020 _a8370273335
040 _cBPK
041 0 _apol
080 _a314.001.18(083)
920 _a83-7027-333-5
942 _cKS
008 s pl f |000 0 pol
999 _c35456
_d35456
856 _uhttp://koha.tu.koszalin.pl/cgi-bin/koha/opac-detail.pl?biblionumber=35456
_yKatalog online BPK